| 000 | 00412nam a22001217a 4500 | ||
|---|---|---|---|
| 082 | _a220 PRO | ||
| 100 |
_aNS Muzna Imran NS Syed Ali Raza _971159 |
||
| 245 | _aPR-SOF-1731-PosAlys 2D and 3D Pose Estimation Using Single RGB Images | ||
| 260 |
_aISLAMABAD _bNUST COLLEGE OF EME _c2018 |
||
| 650 |
_a DE-COMP-36 DECLASS _971160 |
||
| 700 |
_aProject Supervisors Dr. Ali Hassan Dr. Farhan Riaz _971161 |
||
| 942 | _cCR | ||
| 999 |
_c577836 _d577836 |
||